00569nam a2200193Ia 4500003000400000005001700004008004100021040000700062041000800069082001600077100003100093245001400124260004600138300000900184650002000193942001300213999001900226952013000245OSt20260328122856.0250729s2005 xx 000 0 und d cAL akan a494.50 SIDS aG.S.Sindallingayya9230683 aSrinivasa aBangalorebNavakarnataka Prakashanac2005 a110p aKannada9230684 2ddccBED c238904d238904 00104070aALbALd2025-07-29eManagement Booksg60.00l0o494.50 SIDSpBED04223r2025-07-29 16:57:06v60.00w2025-07-29yBK